Biblioteca ESET

La morada imposible. (Registro nro. 957)

Detalles MARC
000 -CABECERA
fixed length control field 01424aam a2200337 a 4500
001 - NUMERO DE CONTROL
control field 001068620
003 - CONTROL NUMBER IDENTIFIER
control field AR-BeUNQ
005 - FECHA Y HORA DE LA ULTIMA TRANSACCION
control field 20231004190256.0
007 - CAMPO FIJO DE DESCRIPCION FIJA - INFORMACION GENERAL
fixed length control field ta
008 - ELEMENTOS DE LONGITUD FIJA-INFORMACION GENERAL
fixed length control field 230717s2021 ag aco gr 000 pdspa
020 ## - NUMERO INTERNACIONAL NORMALIZADO PARA LIBROS
Número Internacional Normalizado del libro 9789500533188
040 ## - FUENTE DE CATALOGACION
Agencia de catalogación original AR-BaBN
Idioma de catalogación ESPAÑOL
Agencia que realiza la transcripción AR-BaBN
Convenciones de la descripción aacr
Agencia que realiza la modificación AR-BeUNQ
044 ## - COUNTRY OF PUBLISHING/PRODUCING ENTITY CODE
MARC country code ag
ISO country code ar-c
082 ## - NUMERO DE CLASIFICACION DECIMAL DEWEYMBER
Número de clasificación Ar 861
Número de la edición 21
100 1# - ASIENTO PRINCIPAL-NOMBRE PERSONAL
Nombre personal Thénon, Susana,
Fecha asociada al nombre 1935-1991
Término relacionador aut.
Relationship auth
245 13 - MENCION DE TITULO
Título La morada imposible.
Número de la parte/sección de la obra Tomo I /
Mención de responsabilidad, etc Susana Thénon ; edición a cargo de Ana M. Barrenechea y María Negroni.
250 ## - MENCION DE EDICION
Mención de edición 3a ed. especial
260 ## - PUBLICACION, DISTRIBUCION, ETC.
Lugar de publicación, distribución, etc. Buenos Aires :
Nombre del editor, distribuidor, etc. Corregidor,
Fecha de publicación, distribución, etc 2021
300 ## - DESCRIPCION FISICA
Extensión 294 p.:
Otros detalles físicos il., fot. byn, retratos ;
Dimensiones 20 cm.
490 1# - MENCION DE SERIE
Mención de serie Biblioteca de Poesía (Corregidor)
500 ## - NOTA GENERAL
Nota general Colección Literaria para el Nivel Secundario del Plan Nacional de Lecturas del Ministerio de Educación de la Nación.
505 0# - NOTA DE CONTENIDO
Nota de contenido con formato preestablecido Edad sin tregua ; Habitantes de la nada ; De lugares extraños ; distancias ; Ova completa ; Obra fotográfica ; Traducciones ; Poemas y ensayos publicados en revistas y suplementos literarios.
650 ## - ASIENTO SECUNDARIO DE MATERIA - TERMINO TEMATICO
Término temático o nombre geográfico como elemento de entrada Literatura argentina
Fuente del encabezamiento o términ tell
650 ## - ASIENTO SECUNDARIO DE MATERIA - TERMINO TEMATICO
Término temático o nombre geográfico como elemento de entrada Poesía
Fuente del encabezamiento o términ tell
653 ## - TERMINO DE INDIZACION - NO CONTROLADO
Término de indización no controlado Feminismo
700 1# - ASIENTO SECUNDARIO - NOMBRE DE PERSONA
Personal name Barrenechea, Ana María,
Dates associated with a name 1913-2010
Relator term ed.
700 1# - ASIENTO SECUNDARIO - NOMBRE DE PERSONA
Personal name Negroni, María,
Dates associated with a name 1951-
Relator term ed.
830 #0 - ASIENTO SECUNDARIO DE SERIE--TITULO UNIFORME
Título uniforme Biblioteca de Poesía (Corregidor)
929 ## - DATOS DE ADQUISICION
Procedencia DONACION
Proveedor Ministerio de Educación de la Nación
Orden de compra 400,00
Fecha de recibido 20230629
Es copia 1
Número de inventario 61306
Patrimonio UNQ PAT0080264
942 ## - ELEMENTOS DE PUNTO DE ACCESO ADICIONAL (KOHA)
Tipo de ítem Koha Libros
Suppress in OPAC 0
Existencias
Estado de retiro Estado de pérdida Ubicación permanente Ubicación actual Ubicación en estantería Fecha de ingreso Total Checkouts Signatura topográfica completa Inventario Date last seen Número de copia Tipo de ítem Koha Operador
    Biblioteca ESET - UNQ Biblioteca ESET - UNQ CIRCULACION 17/07/2023   Ar 861 THE 61306 17/07/2023 1 Libros GS

ESET UNQ

☏ 4365-7188
 Avenida República de Francia 1714 entre Doctor Kenny y Concordia, Ezpeleta, Bs As.
✉ secretaria_eset@unq.edu.ar

Con tecnología Koha